书目信息 |
| 题名: |
道德与法治
|
|
| 作者: | ;教育部 | |
| 分册: | 五年级上册 | |
| 出版信息: | 北京 人民教育出版社 2019 |
|
| 页数: | 91 | |
| 开本: | 30cm | |
| 丛书名: | ||
| 单 册: | ||
| 中图分类: | G624.151 | |
| 科图分类: | ||
| 主题词: | 教育--各级 | |
| 电子资源: | ||
| ISBN: | 978-7-107-33513-6 | |
| 000 | 00542nam0 2200181 450 | |
| 001 | 2454636873 | |
| 005 | 20240927091229.88 | |
| 010 | @a978-7-107-33513-6@dCNY6.00 | |
| 100 | @a20230512d km y0chiy0120 ea | |
| 101 | 0 | @achi |
| 200 | 1 | @a道德与法治@ADao De Yu Fa Zhi@h五年级上册@f教育部@FJiao Yu Bu |
| 210 | @a北京@c人民教育出版社@d2019 | |
| 215 | @a91@d30cm | |
| 606 | 0 | @a教育@x各级 |
| 690 | @aG624.151@v4 | |
| 711 | 02 | @a教育部@AJiao Yu Bu |
| 801 | 0 | @aCN@b大连网信软件有限公司图书馆·11@c20240927 |
| 905 | @aZUCC@b7872518@dG624.151@e2942:5(1) | |
| 道德与法治.五年级上册/教育部.-北京:人民教育出版社,2019 |
| 91;30cm |
| ISBN 978-7-107-33513-6:CNY6.00 |
| ● |
| 相关链接 |
|
|
|
|
正题名:道德与法治
索取号:G624.151/2942:5(1)
 
预约/预借
| 序号 | 登录号 | 条形码 | 馆藏地/架位号 | 状态 | 备注 |
| 1 | 1053778 | 210537784 | 第一样本阅览室/ [索取号:G624.151/2942:5(1)] | 在馆 | |
| 2 | 1053779 | 210537793 | 第四借阅区/ [索取号:G624.151/2942:5(1)] | 在馆 | |
| 3 | 1053780 | 210537800 | 第四借阅区/ [索取号:G624.151/2942:5(1)] | 在馆 | |
| 4 | 1053781 | 210537819 | 第四借阅区/ [索取号:G624.151/2942:5(1)] | 在馆 | |
| 5 | 1053782 | 210537828 | 第四借阅区/ [索取号:G624.151/2942:5(1)] | 在馆 |